[Event "Mumbai Wealth rating op 4th"]
[Site "Mumbai"]
[Date "2019.01.07"]
[Round "9"]
[White "Pawar, Harshit"]
[Black "Bhaskar, NS."]
[Result "0-1"]
[WhiteElo "1671"]
[BlackElo "1463"]
[PlyCount "185"]
[EventDate "2018.12.30"]
[EventType "swiss"]
[EventRounds "9"]
[EventCountry "IND"]
[SourceTitle "CBM 188 Extra"]
[Source "ChessBase"]
[SourceDate "2019.02.28"]
[SourceVersion "1"]
[SourceVersionDate "2019.02.28"]
[SourceQuality "1"]

1. e4 b6 2. d4 Bb7 3. Bd3 e6 4. Nf3 Nf6 5. Qe2 d5 6. e5 Nfd7 7. c3 Be7 8. h4 h6 9. h5 c5 10. 0-0 Nc6 11. a3 Rc8 12. b4 cxd4 13. cxd4 0-0 14. Bd2 Re8 15. Nc3 Nf8 16. Kh2 f6 17. Bb5 fxe5 18. Bxc6 Bxc6 19. Nxe5 Bf6 20. Bf4 Bxe5 21. Bxe5 Nd7 22. Bg3 Qf6 23. Rad1 e5 24. dxe5 Nxe5 25. Nxd5 Qg5 26. Kg1 Ng4 27. Qa2 Kh8 28. Nf4 Ne3 29. Ng6+ Kh7 30. fxe3 Qxg3 31. Rf2 Qxe3 32. Qf7 Qg5 33. Rdf1 Be4 34. Qxa7 Qxh5 35. Nf4 Qb5 36. Qf7 Rf8 37. Qe7 Rce8 38. Qc7 Qg5 39. Nh3 Qg6 40. Nf4 Qg4 41. Qc1 Rf7 42. Qe3 b5 43. Qd2 Ree7 44. Qd6 Qg3 45. Qd2 Qxa3 46. Nh5 Rxf2 47. Rxf2 Qa1+ 48. Rf1 Qe5 49. Qd8 Bg6 50. Nf4 Qe3+ 51. Kh2 Bf5 52. Kh1 Qe5 53. Qb6 Rd7 54. Qf2 Qd4 55. Qe1 Qe4 56. Qxe4 Bxe4 57. Rf2 Rd1+ 58. Kh2 Rb1 59. Ne6 Rxb4 60. Rf4 Rc4 61. Rf7 b4 62. Rxg7+ Kh8 63. Rg3 Bc2 64. Nf8 b3 65. Ng6+ Bxg6 66. Rxb3 Be4 67. Rg3 Kh7 68. Rg4 Bd5 69. Rg3 Rc6 70. Rd3 Be4 71. Re3 Re6 72. Rb3 Kg6 73. Rb5 Bf5 74. Rb8 Kg5 75. Rb4 Re2 76. Rb3 h5 77. Rg3+ Bg4 78. Ra3 Kf4 79. Rb3 h4 80. Kg1 Bf5 81. Rf3+ Kg4 82. Kf1 Ra2 83. Re3 Rd2 84. Re8 Bd3+ 85. Kg1 Bf5 86. Rg8+ Kf4 87. Rh8 Kg3 88. Rg8+ Bg4 89. Rf8 Rxg2+ 90. Kh1 Rf2 91. Rf6 Rf4 92. Rxf4 Bf5 93. Kg1 0-1